Novela Trestného zákona nie je len o "trikrát a dosť"
Slovensko čaká príprava úplne nového Trestného zákona s predpokladanou účinnosťou od r. 2005. Zmeny pripravované do nového zákona. Prísnejší postih korupcie. Postihy za úverové podvody. Veľká diskusia okolo zásady "trikrát a dosť". Problémy s retroaktivitou.
Salvato in:
| Autore principale: | |
|---|---|
| Natura: | Capitolo di libro |
| Lingua: | slovacco |
| Soggetti: | |
| Tags: |
Nessun Tag, puoi essere il primo ad aggiungerne!!
|
MARC
| LEADER | 00000naa a2200000 4500 | ||
|---|---|---|---|
| 001 | r048235 | ||
| 005 | 20230921114627.9 | ||
| 041 | 0 | |a slo | |
| 044 | |a SK | ||
| 245 | 1 | 0 | |a Novela Trestného zákona nie je len o "trikrát a dosť" |c Zuzana Fričová |
| 520 | |a Slovensko čaká príprava úplne nového Trestného zákona s predpokladanou účinnosťou od r. 2005. Zmeny pripravované do nového zákona. Prísnejší postih korupcie. Postihy za úverové podvody. Veľká diskusia okolo zásady "trikrát a dosť". Problémy s retroaktivitou. | ||
| 610 | 2 | 0 | |a právo trestné |
| 610 | 2 | 0 | |a zákony |
| 610 | 2 | 0 | |a korupcia |
| 610 | 2 | 0 | |a úplatkárstvo |
| 610 | 2 | 0 | |a podvody |
| 610 | 2 | 0 | |a úver |
| 610 | 2 | 0 | |a Trestný zákon |
| 100 | 1 | |a Fričová, Zuzana | |